000 00784nam a2200205 a 4500
001 000260597
003 AM-YeHGA
005 20250618071738.0
008 030910s1987 ai ||||gr|||||||||1|arm|d
040 _aAM-YeHGA
041 0 _aarm
100 1 _aԳևորգյան, Հենրիկ Գուրգենի,
_d1942-
_93362
245 1 0 _aՄամոնայի գերիները :
_bԵրգիծական պատմվածքներ /
_cՀ. Գևորգյան ; Խմբ.՝ Հ.Կարճիկյան.
260 _aԵրևան :
_bՍովետական գրող,
_c1987.
300 _a177 էջ ;
_c20 սմ.
650 1 4 _aՀայ գրականություն
_xԵրգիծանք, հումոր
700 1 _aԿարճիկյան, Համլետ Թորգոմի,
_d1936-2022
_eխմբ.
_4edt
_91475
942 _2udc
_cBK
090 _c95498
999 _c94197
_d94197